MARC details
| 000 -CABECERA |
| campo de control de longitud fija |
03747nam a2200349 a 4500 |
| 003 - IDENTIFICADOR DEL NÚMERO DE CONTROL |
| campo de control |
CHAP |
| 005 - FECHA Y HORA DE LA ÚLTIMA TRANSACCIÓN |
| campo de control |
20230328085937.0 |
| 007 - CAMPO FIJO DE DESCRIPCIÓN FÍSICA--INFORMACIÓN GENERAL |
| campo de control de longitud fija |
ta |
| 008 - DATOS DE LONGITUD FIJA--INFORMACIÓN GENERAL |
| campo de control de longitud fija |
190523s2019 mx abdofr| ||1|||spa d |
| 040 ## - FUENTE DE LA CATALOGACIÓN |
| Centro catalogador/agencia de origen |
mxchpua |
| Centro/agencia transcriptor |
CHAP |
| 050 10 - SIGNATURA TOPOGRÁFICA DE LA BIBLIOTECA DEL CONGRESO |
| Número de clasificación |
C HD9014.M63 |
| Número de documento/Ítem |
.P36 2019 |
| 082 00 - NÚMERO DE LA CLASIFICACIÓN DECIMAL DEWEY |
| Número de clasificación |
C 630.972 |
| Número de documento/Ítem |
P36 2019 |
| Número de edición |
20 |
| 110 ## - ENTRADA PRINCIPAL--NOMBRE DE ENTIDAD CORPORATIVA |
| 9 (RLIN) |
162096 |
| Nombre de entidad corporativa o nombre de jurisdicción como elemento de entrada |
Servicio de Información Agroalimentaria y Pesquera (SIAP) |
| 245 10 - MENCIÓN DE TÍTULO |
| Título |
Panorama agroalimentario 2019 / |
| Mención de responsabilidad, etc. |
Servicio de información Agroalimentaria y Pesquera |
| 250 ## - MENCIÓN DE EDICIÓN |
| Mención de edición |
1a edición |
| 264 ## - PRODUCCIÓN, PUBLICACIÓN, DISTRIBUCIÓN, FABRICACIÓN Y COPYRIGHT |
| Producción, publicación, distribución, fabricación y copyright |
México : |
| Nombre del de productor, editor, distribuidor, fabricante |
SADER. Servicio de Información Agroalimentaria y Pesquera, |
| Fecha de producción, publicación, distribución, fabricación o copyright |
2019 |
| 300 ## - DESCRIPCIÓN FÍSICA |
| Extensión |
213 páginas : |
| Otras características físicas |
ilustraciones, gráficas, mapas y fotos |
| 336 ## - TIPO DE CONTENIDO |
| Fuente |
rdacontent |
| Término de tipo de contenido |
texto |
| Código de tipo de contenido |
txt |
| 337 ## - TIPO DE MEDIO |
| Fuente |
rdamedia |
| Nombre/término del tipo de medio |
sinmedia |
| Código del tipo de medio |
n |
| 338 ## - TIPO DE SOPORTE |
| Fuente |
rdacarrier |
| Nombre/término del tipo de soporte |
volumen |
| Código del tipo de soporte |
nc |
| 504 ## - NOTA DE BIBLIOGRAFÍA, ETC. |
| Nota de bibliografía, etc. |
Bibliografía: página 205 |
| 520 2# - SUMARIO, ETC. |
| Sumario, etc. |
En la transformación que el Gobierno de México ha propuesto, los sistemas de información del Estado son bienes públicos vitales para la sociedad, y para ello hay que democratizar el uso de la información, que llegue a todos los productores y que a todos les ayude a mejorar.<br/><br/>El Servicio de Información Agroalimentaria y Pesquera (SIAP) presentó el Panorama Agroalimentario 2019. Comprobando una vez más la importancia de generar información, eficientando los tiempos entre la captación de datos y su difusión.<br/><br/>El Panorama Agroalimentario 2019 pone de manifiesto el esfuerzo y dedicación de más de 6.7 millones de mexicanos que durante cada jornada siembran, cuidan el ganado, pescan y cosechan sus frutos.<br/><br/>Esta publicación es fundamental para el sector primario de nuestro país. Recopila, analiza, sintetiza y difunde información de las principales variables agropecuarias y pesqueras de 75 productos mexicanos de impacto nacional e internacional que posicionan a México como la 8ª potencia exportadora de alimentos.<br/><br/>Desde 2012, México monitorea las actividades agrícolas, pecuarias y pesqueras, mediante imágenes satelitales obtenidas a través de la Estación de Recepción México, conocida como la ERMEX.<br/><br/>Con la información estadística y las aplicaciones geoespaciales se contribuye a orientar las decisiones nacionales basadas en el conocimiento geográfico de los entornos de este gran país.<br/><br/>Este progreso en la transformación productiva del campo y los mares mexicanos se refleja en un superávit de la balanza comercial del país de 6 mil 420 millones de dólares, lo que representa un crecimiento de 6.7% en el valor de las exportaciones de 2017 a 2018. Así, México se posiciona en el décimo primer lugar en producción de alimentos a nivel global.<br/><br/>El éxito exportador alimentario de México se sustenta en la variedad de productos que ofrece a más de 160 países alrededor del mundo.<br/><br/>El país ocupa el primer lugar en exportación de cerveza, aguacate, tequila y jitomate; y segundo lugar en chile, coliflor y brócoli entre otros.<br/><br/>No cabe duda de la riqueza de nuestro campo, por lo que hoy se trabaja, más fuerte que nunca, para hacerlo más productivo, inclusivo y sustentable para alimentar a México. |
| 650 13 - PUNTO DE ACCESO ADICIONAL DE MATERIA--TÉRMINO DE MATERIA |
| Término de materia o nombre geográfico como elemento de entrada |
Alimentos |
| Subdivisión general |
Estadísticas |
| Subdivisión geográfica |
México |
| 9 (RLIN) |
135721 |
| 650 13 - PUNTO DE ACCESO ADICIONAL DE MATERIA--TÉRMINO DE MATERIA |
| Término de materia o nombre geográfico como elemento de entrada |
Foods |
| Subdivisión general |
Statistics |
| Subdivisión geográfica |
Mexico |
| 9 (RLIN) |
156172 |
| 651 13 - PUNTO DE ACCESO ADICIONAL DE MATERIA--NOMBRE GEOGRÁFICO |
| 9 (RLIN) |
160652 |
| Nombre geográfico |
México |
| Subdivisión general |
Agricultura |
| -- |
Estadísticas |
| 651 13 - PUNTO DE ACCESO ADICIONAL DE MATERIA--NOMBRE GEOGRÁFICO |
| 9 (RLIN) |
186478 |
| Nombre geográfico |
Mexico |
| Subdivisión general |
Agriculture |
| -- |
Statistics |
| 710 1# - PUNTO DE ACCESO ADICIONAL--NOMBRE DE ENTIDAD CORPORATIVA |
| Nombre de entidad corporativa o nombre de jurisdicción como elemento de entrada |
Secretaría de Agricultura y Desarrollo Rural (SADER) |
| 9 (RLIN) |
186552 |
| Unidad subordinada |
Servicio de Información Agroalimentaria y Pesquera (SIAP) |
| 856 40 - LOCALIZACIÓN Y ACCESO ELECTRÓNICOS |
| Identificador Uniforme del Recurso |
<a href="https://nube.siap.gob.mx/gobmx_publicaciones_siap/pag/2019/Atlas-Agroalimentario-2019">https://nube.siap.gob.mx/gobmx_publicaciones_siap/pag/2019/Atlas-Agroalimentario-2019</a> |
| Texto de enlace |
Descargar PDF |
| 942 ## - ELEMENTOS DE PUNTO DE ACCESO ADICIONAL (KOHA) |
| Tipo de ítem Koha |
Libro |
| Fuente del sistema de clasificación o colocación |
Dewey Decimal Classification |
| 260 ## - PUBLICACIÓN, DISTRIBUCIÓN, ETC. |
| Lugar de publicación, distribución, etc. |
Ciudad de México : |
| Nombre del editor, distribuidor, etc. |
Servicio de Información Agroalimentaria y Pesquera, |
| Fecha de publicación, distribución, etc. |
2018. |
| 901 ## - ELEMENTOS DE DATOS A LOCAL LDA (RLIN) |
| a |
630.972 P36 2019 |